| 000 | 00940nam a2200217Ia 4500 | ||
|---|---|---|---|
| 003 | Ost | ||
| 005 | 20260507075057.0 | ||
| 008 | 260507s9999||||xx |||||||||||||| ||und|| | ||
| 040 | _cfsecg | ||
| 041 | _aara | ||
| 082 | _a657 | ||
| 100 |
_aكراجة، عبد الحليم _eمؤلف |
||
| 245 | 0 |
_aمحاسبة الشركات / _c عبد الحليم كراجة |
|
| 250 | _aطبعة 2 | ||
| 260 |
_aاربد: _bدار الأمل, _c1998 |
||
| 300 |
_a387 صفحة؛ _bإيضاحات ؛ _c24 سم |
||
| 520 | _aمحسابة الشركات، شركة التضامن العادية، الشركة العادية المحدودة، شركة المحاصة،محاسبة الشركات | ||
| 653 | _aالشركات - محاسبة | ||
| 653 | _aالمحاسبة | ||
| 942 | _cكتاب | ||
| 999 |
_c42746 _d42746 |
||